Score 0/30 Timer 05:00
0 Plays Today
Hint Answer % Correct
'School of Rock' starJack Black
88.1%
U.S. President's official residenceWhite House
87.4%
A void in space left by a collapsed starBlack Hole
86.1%
'Golden Girls' actressBetty White
82.6%
Ozzy Osbourne's bandBlack Sabbath
81.9%
Main character of 1937 Disney filmSnow White
81.2%
Not rye, wheat, or pumpernickelWhite Bread
80.1%
14th Century European pandemicBlack Death
78.4%
Disreputable family memberBlack Sheep
77.3%
Harry Potter's godfatherSirius Black
74.4%
'Wheel of Fortune' letter turnerVanna White
71.2%
October 29, 1929, stock market crashBlack Tuesday
67.6%
Singer known for deep, romantic voiceBarry White
66.8%
Olympic snowboarderShaun White
64%
Author of 'Charlotte's Web'E.B. White
57.6%
Hint Answer % Correct
Clue/Cluedo character/suspectMrs. White
56.7%
White Stripes lead singerJack White
53.9%
1966 Rolling Stones' hitPaint It Black
47.5%
'Friday' singerRebecca Black
47%
Married name of 'Curly Top' child actressShirley Temple Black
47%
Country artist with 13 #1 singlesClint Black
41.2%
Nefarious Narnia QueenWhite Witch
40%
1977 Ram Jam hit singleBlack Betty
29.4%
Clark Kent's editor-in-chiefPerry White
27.5%
The NFL's Minister of DefenseReggie White
25.1%
1985 Disney animated featureThe Black Cauldron
23.5%
Nickname of NFL receiver Billy JohnsonWhite Shoes
20.5%
Henry Rollins' hardcore punk bandBlack Flag
18.7%
Pixies' lead singerBlack Francis
10.6%
Royals' second baseman in '70s and '80sFrank White
9.5%

You're not logged in!

Compare scores with friends on all Sporcle quizzes.
OR
Log In

Sporcle TV

Today on Sporcle TV


Watch our educational content, quiz creation guides, and fun videos on Sporcle TV.

Show Comments

Extras

Top Quizzes Today


Score Distribution

Paid Content

Your Account Isn't Verified!

In order to create a playlist on Sporcle, you need to verify the email address you used during registration. Go to your Sporcle Settings to finish the process.

Report this User

Report this user for behavior that violates our Community Guidelines.

Details: